000 00643nam a2200217Ii 4500
003 JO-AjNU
008 230606s9999||||xx |||||||||||||| ||und||
020 _a0-13-123046-8
040 _aJO-AjNU
_beng
_erda
_cJO-AjNU
041 _aeng
050 1 4 _aQA76.9.M35.K64.2009
100 3 _akolman.Bernard/Busby,Robert/Cutler ross,Sharon,
_eauthor
_9749
245 0 0 _aDiscrete Mathematics Structures
250 _a5 ed
264 3 1 _apearson printice hall:upper saddle,2009
300 _a522p
336 _atext
_btxt
_2rdacontent
337 _aunmediated
_bn
_2rdamedia
338 _avolume
_bnc
_2rdacarrier
650 4 _aDiscrete Mathematics
_9750
999 _aE395
_c395
_d395